Hoàn thiện pháp luật về bồi thường thiệt hại do vi phạm hợp đồng - từ thực tiễn giải quyết tranh chấp hợp đồng thương mại của tòa án : Luận văn thạc sỹ luật học chuyên ngành Luật kinh tế
Nội dung luận văn giới thiệu cơ sở lý luận và pháp luật về bồi thường thiệt hại do vi phạm hợp đồng thương mại. Hạn chế và giải pháp hoàn thiện do vi phạm hợp đồng - từ thực tiễn giải quyết tranh chấp hợp đồng thương mại của tòa...
Na minha lista:
| Formato: | Livro |
|---|---|
| Idioma: | Undetermined |
| Publicado em: |
Cần Thơ
Trường Đại học Cần Thơ
2018
|
| Assuntos: | |
| Tags: |
Adicionar Tag
Sem tags, seja o primeiro a adicionar uma tag!
|
| Thư viện lưu trữ: | Trung tâm Học liệu Trường Đại học Cần Thơ |
|---|
| LEADER | 01313nam a2200205Ia 4500 | ||
|---|---|---|---|
| 001 | CTU_227259 | ||
| 008 | 210402s9999 xx 000 0 und d | ||
| 082 | |a 346.597022 | ||
| 082 | |b T305 | ||
| 245 | 0 | |a Hoàn thiện pháp luật về bồi thường thiệt hại do vi phạm hợp đồng - từ thực tiễn giải quyết tranh chấp hợp đồng thương mại của tòa án : | |
| 245 | 0 | |b Luận văn thạc sỹ luật học chuyên ngành Luật kinh tế | |
| 245 | 0 | |c Lê Thị Vũ Tiên ; Nguyễn Hạnh (người hướng dẫn khoa học) | |
| 260 | |a Cần Thơ | ||
| 260 | |b Trường Đại học Cần Thơ | ||
| 260 | |c 2018 | ||
| 520 | |a Nội dung luận văn giới thiệu cơ sở lý luận và pháp luật về bồi thường thiệt hại do vi phạm hợp đồng thương mại. Hạn chế và giải pháp hoàn thiện do vi phạm hợp đồng - từ thực tiễn giải quyết tranh chấp hợp đồng thương mại của tòa án. | ||
| 650 | |a Commercial law,Luật thương mại | ||
| 650 | |x Economic aspects,Khía cạnh kinh tế | ||
| 910 | |b dqhieu | ||
| 980 | |a Trung tâm Học liệu Trường Đại học Cần Thơ | ||